| 000 | 00611nam a2200193Ia 4500 | ||
|---|---|---|---|
| 005 | 20250507130323.0 | ||
| 008 | 008 250505s9999 xx 000 0 eng d | ||
| 037 | _aAnnuals, Advances | ||
| 040 |
_aEASL _beng _cEASL |
||
| 041 |
_aeng _2eng |
||
| 084 |
_aV41:3(T)oby48.N49<-M60, K6 _qEASL |
||
| 100 |
_aWang Y.C. _9755171 |
||
| 245 | 0 | _aChinese interllectuals and the west | |
| 260 |
_aUSA _bChapel Hill University of North Carolina Press _c1966 |
||
| 300 | _a557p. | ||
| 365 |
_aH K _b90.00 |
||
| 942 |
_cTEXL _hV41:3(T)oby48.N49<-M60, K6 |
||
| 999 |
_c1318991 _d1318991 |
||